Tích hợp đa văn hóa Đông Tây cho một chiến lược giáo dục tương lai

में बचाया:
ग्रंथसूची विवरण
मुख्य लेखक: Nguyễn, Hoàng Phương
स्वरूप: पुस्तक
भाषा:Undetermined
प्रकाशित: Hà Nội Giáo dục 1996
विषय:
टैग : टैग जोड़ें
कोई टैग नहीं, इस रिकॉर्ड को टैग करने वाले पहले व्यक्ति बनें!
Thư viện lưu trữ: Trung tâm Học liệu Trường Đại học Cần Thơ
LEADER 00639nam a2200193Ia 4500
001 CTU_22869
008 210402s9999 xx 000 0 und d
020 |c 220000 
082 |a 181.1 
082 |b Ph561 
100 |a Nguyễn, Hoàng Phương 
245 0 |a Tích hợp đa văn hóa Đông Tây cho một chiến lược giáo dục tương lai 
245 0 |c Nguyễn Hoàng Phương 
260 |a Hà Nội 
260 |b Giáo dục 
260 |c 1996 
650 |a Philosophy, oriental 
904 |i Nguyễn Quang Điền, Giang sửa 
980 |a Trung tâm Học liệu Trường Đại học Cần Thơ